[Event "35. Abierto Ciudad de Sevilla 2010"]
[Site "Sevilla ESP"]
[Date "2010.01.13"]
[Round "6.8"]
[White "Bhat Vinay, S."]
[Black "Ivanov, Jordan"]
[Result "1/2-1/2"]
[WhiteElo "2540"]
[BlackElo "2409"]
[PlyCount "90"]
[EventDate "2010.01.08"]
[EventType "swiss"]
[EventRounds "9"]
[EventCountry "ESP"]
[Source "lmi"]
[SourceDate "2010.01.08"]

1. d4 d5 2. Nf3 Nf6 3. c4 dxc4 4. e3 e6 5. Bxc4 c5 6. O-O a6 7. Bb3 Nc6 8. Qe2
cxd4 9. Rd1 Be7 10. Nxd4 Qc7 11. Nc3 O-O 12. e4 Nxd4 13. Rxd4 b5 14. e5 Nd7 15.
Bf4 Bb7 16. Qg4 Nc5 17. Bg5 Bxg5 18. Qxg5 f6 19. exf6 Rxf6 20. Bc2 Raf8 21. f3
Qb6 22. Qe3 b4 23. Ne2 e5 24. Rc4 Rc8 25. Rc1 Bd5 26. Rh4 g6 27. Bb3 Bxb3 28.
axb3 Rcc6 29. Rcc4 Nxb3 30. Qxb6 Rxb6 31. Kf2 a5 32. Rc8+ Rf8 33. Rxf8+ Kxf8
34. Rxh7 Rc6 35. Ke3 Rc2 36. f4 exf4+ 37. Nxf4 Rxb2 38. Nxg6+ Kg8 39. Ra7 Rxg2
40. Ne7+ Kf8 41. Nc6 Rg5 42. Rb7 Rh5 43. Nxa5 Rh3+ 44. Kf2 Nxa5 45. Rxb4 Rxh2+
1/2-1/2

[Event "35. Abierto Ciudad de Sevilla 2010"]
[Site "Sevilla ESP"]
[Date "2010.01.13"]
[Round "6.9"]
[White "Diogo, Vasco"]
[Black "Franco Ocampos, Zenon"]
[Result "1-0"]
[WhiteElo "2303"]
[BlackElo "2535"]
[PlyCount "69"]
[EventDate "2010.01.08"]
[EventType "swiss"]
[EventRounds "9"]
[EventCountry "ESP"]
[Source "lmi"]
[SourceDate "2010.01.08"]

1. e4 c5 2. Nf3 Nc6 3. d3 g6 4. g3 Bg7 5. Bg2 e5 6. Be3 d6 7. c3 Nge7 8. O-O
O-O 9. Na3 h6 10. Qd2 Kh7 11. d4 exd4 12. cxd4 d5 13. exd5 Nxd5 14. dxc5 Nxe3
15. Qxe3 Be6 16. Nb5 Bxb2 17. Rab1 Bg7 18. Nd6 Rb8 19. a3 Qc7 20. h4 Rfd8 21.
h5 g5 22. Rfd1 Kg8 23. Qe4 Rd7 24. Bf1 Na5 25. Bb5 Rdd8 26. Nd4 Bxd4 27. Qxd4
Qe7 28. Qc3 Nc6 29. Re1 Rbc8 30. Nxc8 Rxc8 31. Qe3 Qf6 32. Rbd1 Bg4 33. Rd6 Qf5
34. Rxh6 Kg7 35. Bd3 1-0

[Event "35. Abierto Ciudad de Sevilla 2010"]
[Site "Sevilla ESP"]
[Date "2010.01.13"]
[Round "6.11"]
[White "Lalic, Bogdan"]
[Black "Sgnaolin, Davide"]
[Result "1-0"]
[WhiteElo "2494"]
[BlackElo "2220"]
[PlyCount "81"]
[EventDate "2010.01.08"]
[EventType "swiss"]
[EventRounds "9"]
[EventCountry "ESP"]
[Source "lmi"]
[SourceDate "2010.01.08"]

1. d4 Nf6 2. Nf3 c5 3. d5 g6 4. Nc3 Bg7 5. e4 d6 6. Bb5+ Bd7 7. a4 O-O 8. O-O
Na6 9. Re1 Nc7 10. Bf1 Bg4 11. h3 Bxf3 12. Qxf3 Nd7 13. Bg5 b6 14. Qd1 a6 15.
Qd2 Rb8 16. Rab1 b5 17. axb5 axb5 18. b4 c4 19. Ne2 Ra8 20. Nd4 Bxd4 21. Qxd4
f6 22. Bh6 Re8 23. Ra1 Na6 24. c3 Qb6 25. Qd2 Nc7 26. Be3 Qb7 27. Rxa8 Rxa8 28.
f4 Ra6 29. Be2 Qa8 30. Bd4 Ra2 31. Qe3 Ra1 32. Bg4 Nf8 33. Rxa1 Qxa1+ 34. Kh2
Qa8 35. Qe1 Kf7 36. Qh4 Ne8 37. Qf2 Qa1 38. e5 f5 39. e6+ Kg8 40. Qh4 fxg4 41.
Qxe7 1-0

[Event "35. Abierto Ciudad de Sevilla 2010"]
[Site "Sevilla ESP"]
[Date "2010.01.13"]
[Round "6.12"]
[White "Campora Sivori, Daniel"]
[Black "Medina Carrasco, Santiago"]
[Result "1-0"]
[WhiteElo "2483"]
[BlackElo "2186"]
[PlyCount "95"]
[EventDate "2010.01.08"]
[EventType "swiss"]
[EventRounds "9"]
[EventCountry "ESP"]
[Source "lmi"]
[SourceDate "2010.01.08"]

1. e4 c5 2. Nf3 Nc6 3. Bb5 g6 4. Bxc6 bxc6 5. O-O Bg7 6. Re1 d5 7. d3 h6 8. Nc3
Be6 9. h3 c4 10. d4 dxe4 11. Nxe4 Bd5 12. Bf4 Nf6 13. Nxf6+ Bxf6 14. Be5 O-O
15. Bxf6 exf6 16. Nh2 f5 17. Qd2 Rb8 18. b3 Qg5 19. Qxg5 hxg5 20. Nf1 Rb4 21.
c3 Rb7 22. b4 Ra8 23. Ne3 Be6 24. Nc2 Bd5 25. f3 Kf8 26. Kf2 Re8 27. a4 a6 28.
Rxe8+ Kxe8 29. Ne3 Be6 30. Re1 Kd7 31. Rd1 f4 32. Ng4 Bxg4 33. fxg4 Kd6 34. Re1
Re7 35. Rxe7 Kxe7 36. Kf3 Ke6 37. Ke4 Kd6 38. d5 cxd5+ 39. Kd4 Kc6 40. b5+ axb5
41. axb5+ Kxb5 42. Kxd5 f5 43. Kd4 fxg4 44. hxg4 Kb6 45. Kxc4 Kc6 46. Kd4 Kd6
47. c4 Kc6 48. Ke5 1-0

[Event "35. Abierto Ciudad de Sevilla 2010"]
[Site "Sevilla ESP"]
[Date "2010.01.13"]
[Round "6.13"]
[White "Pogorelov, Ruslan"]
[Black "Guerreiro Ricardo, Nuno"]
[Result "1-0"]
[WhiteElo "2474"]
[BlackElo "2076"]
[PlyCount "51"]
[EventDate "2010.01.08"]
[EventType "swiss"]
[EventRounds "9"]
[EventCountry "ESP"]
[Source "lmi"]
[SourceDate "2010.01.08"]

1. Nf3 Nc6 2. d4 d5 3. c4 Bg4 4. Nc3 e6 5. cxd5 exd5 6. Bg5 Be7 7. Bxe7 Ngxe7
8. e3 a6 9. Be2 Qd6 10. a3 O-O 11. h3 Bxf3 12. Bxf3 Rae8 13. O-O Kh8 14. Qb3
Na5 15. Qb4 Qxb4 16. axb4 Nb3 17. Rad1 c6 18. Rd3 a5 19. Nxd5 Nxd4 20. Rxd4
Nxd5 21. Bxd5 cxd5 22. bxa5 Re4 23. Rfd1 g6 24. Rxe4 dxe4 25. Rd7 Rb8 26. Rxf7
1-0

[Event "35. Abierto Ciudad de Sevilla 2010"]
[Site "Sevilla ESP"]
[Date "2010.01.13"]
[Round "6.16"]
[White "Spraggett, Kevin"]
[Black "Van Hoolandt, Patrick"]
[Result "1-0"]
[WhiteElo "2586"]
[BlackElo "2207"]
[PlyCount "51"]
[EventDate "2010.01.08"]
[EventType "swiss"]
[EventRounds "9"]
[EventCountry "ESP"]
[Source "lmi"]
[SourceDate "2010.01.08"]

1. e4 e5 2. Nf3 Nc6 3. Bb5 Nf6 4. d3 d6 5. c3 g6 6. Bg5 h6 7. Bh4 Bg7 8. Nbd2
O-O 9. O-O Bd7 10. Ba4 Qe8 11. Bb3 Nh5 12. Re1 Kh8 13. Nf1 f5 14. exf5 g5 15.
Bg3 Bxf5 16. d4 Nxg3 17. Nxg3 Bg6 18. dxe5 Bxe5 19. Bd5 Rd8 20. Re3 Ne7 21.
Nxe5 dxe5 22. Rxe5 Qd7 23. Bb3 Bd3 24. Qh5 Kg7 25. Rd1 Qd6 26. Re6 1-0

[Event "35. Abierto Ciudad de Sevilla 2010"]
[Site "Sevilla ESP"]
[Date "2010.01.13"]
[Round "6.17"]
[White "Rioboo De Larriva, Alvaro"]
[Black "Berbatov, Kiprian"]
[Result "0-1"]
[WhiteElo "2186"]
[BlackElo "2455"]
[PlyCount "110"]
[EventDate "2010.01.08"]
[EventType "swiss"]
[EventRounds "9"]
[EventCountry "ESP"]
[Source "lmi"]
[SourceDate "2010.01.08"]

1. e4 c5 2. Nc3 d6 3. f4 g6 4. Nf3 Bg7 5. Bb5+ Bd7 6. Bxd7+ Qxd7 7. O-O Nc6 8.
d3 Nh6 9. h3 f5 10. Be3 Nd4 11. e5 Nf7 12. Bxd4 cxd4 13. e6 Qxe6 14. Re1 Qd7
15. Nd5 e5 16. Nxd4 O-O 17. Nb3 Rfe8 18. c3 exf4 19. Nxf4 d5 20. d4 Ng5 21.
Rxe8+ Rxe8 22. Nc5 Qd6 23. Ncd3 Ne4 24. Qb3 Nf6 25. Ne5 b6 26. Qa4 a5 27. Nfd3
Re7 28. Qb5 Nd7 29. Nxd7 Rxd7 30. Re1 Kf8 31. Qa6 Bf6 32. Qc8+ Kg7 33. Qe8 Rd8
34. Qe6 Bh4 35. Re3 h5 36. Qe5+ Qxe5 37. Rxe5 Bg3 38. Re3 h4 39. Kf1 Kf6 40.
Ne5 g5 41. Ke2 Bf4 42. Rf3 Bxe5 43. dxe5+ Kxe5 44. Re3+ Kf6 45. Kd3 g4 46. Kd4
f4 47. Re1 f3 48. gxf3 g3 49. a4 Kf5 50. f4 g2 51. Rg1 Rg8 52. Ke3 Rg3+ 53. Kf2
Kxf4 54. b4 Rxc3 55. Kxg2 Rg3+ 0-1

[Event "35. Abierto Ciudad de Sevilla 2010"]
[Site "Sevilla ESP"]
[Date "2010.01.13"]
[Round "6.18"]
[White "Barria Zuñiga, Daniel"]
[Black "Perez Garcia, Roberto"]
[Result "1-0"]
[WhiteElo "2430"]
[BlackElo "2172"]
[PlyCount "72"]
[EventDate "2010.01.08"]
[EventType "swiss"]
[EventRounds "9"]
[EventCountry "ESP"]
[Source "lmi"]
[SourceDate "2010.01.08"]

1. d4 Nf6 2. c4 g6 3. Nc3 d5 4. Bf4 Bg7 5. e3 O-O 6. Rc1 Be6 7. cxd5 Nxd5 8.
Nxd5 Qxd5 9. a3 c6 10. Nf3 Nd7 11. Qd2 Nf6 12. Bc4 Qf5 13. Bd3 Qg4 14. O-O Bd5
15. h3 Qd7 16. Ne5 Qd8 17. Qb4 Nh5 18. Bh2 f6 19. Nc4 f5 20. Na5 e5 21. Bc4
exd4 22. exd4 Bxc4 23. Qxc4+ Kh8 24. Nxb7 Qxd4 25. b4 Qb2 26. Nd6 h6 27. Qxc6
Kh7 28. Nc4 Qb3 29. Ne5 Nf6 30. Qf3 Qxf3 31. Nxf3 Rac8 32. Rfd1 Rfd8 33. Be5
Ne4 34. g3 g5 35. g4 fxg4 36. hxg4 h5 1-0

[Event "35. Abierto Ciudad de Sevilla 2010"]
[Site "Sevilla ESP"]
[Date "2010.01.13"]
[Round "6.19"]
[White "Weber, Francois"]
[Black "Cabrera Trujillo, Jorge Juan"]
[Result "1/2-1/2"]
[WhiteElo "2149"]
[BlackElo "2384"]
[PlyCount "45"]
[EventDate "2010.01.08"]
[EventType "swiss"]
[EventRounds "9"]
[EventCountry "ESP"]
[Source "lmi"]
[SourceDate "2010.01.08"]

1. e4 c5 2. Nf3 d6 3. d4 cxd4 4. Nxd4 Nf6 5. Nc3 a6 6. Bg5 e6 7. f4 Be7 8. Qf3
h6 9. Bh4 g5 10. fxg5 Nfd7 11. Nxe6 fxe6 12. Qh5+ Kf8 13. Bb5 Ne5 14. Bg3 Rh7
15. Bxe5 dxe5 16. Rd1 Nd7 17. Qg6 Rf7 18. Qxh6+ Kg8 19. Rd3 Bxg5 20. Rg3 Rg7
21. Qxe6+ Kh8 22. Rh3+ Rh7 23. Rxh7+ 1/2-1/2

[Event "35. Abierto Ciudad de Sevilla 2010"]
[Site "Sevilla ESP"]
[Date "2010.01.13"]
[Round "6.20"]
[White "Blanco, Cristobal J"]
[Black "Morales Barrera, Raul"]
[Result "1-0"]
[WhiteElo "2379"]
[BlackElo "2108"]
[PlyCount "119"]
[EventDate "2010.01.08"]
[EventType "swiss"]
[EventRounds "9"]
[EventCountry "ESP"]
[Source "lmi"]
[SourceDate "2010.01.08"]

1. e4 c6 2. d4 d5 3. e5 c5 4. Nf3 Bg4 5. dxc5 e6 6. Be3 Nc6 7. Bb5 Nh6 8. h3
Bxf3 9. Qxf3 Qa5+ 10. Nc3 Nf5 11. Bd2 Qc7 12. O-O-O O-O-O 13. Bg5 Be7 14. Bxe7
Ncxe7 15. g4 Nh6 16. Qe3 Kb8 17. Ba4 a6 18. b4 Rc8 19. Rd3 Rhd8 20. Kb2 Nc6 21.
Bxc6 Qxc6 22. Re1 Ng8 23. Ne2 Ne7 24. Nd4 Qa4 25. Qd2 Nc6 26. Nxc6+ Rxc6 27. c4
a5 28. cxd5 Rxd5 29. Rxd5 exd5 30. a3 axb4 31. Qxb4 Qa7 32. Rc1 Qa6 33. Qd4
Qb5+ 34. Ka2 Qe2+ 35. Ka1 Ra6 36. Rc3 Qe1+ 37. Kb2 Ra5 38. a4 Qe2+ 39. Ka3 Qe1
40. Rb3 Qc1+ 41. Kb4 Ra6 42. f3 Qe1+ 43. Qc3 Qe2 44. Ka3 Qd1 45. Rb4 Rc6 46.
Rd4 Qe2 47. Rxd5 Qf2 48. Rd8+ Ka7 49. Rd4 Qg1 50. h4 h6 51. h5 Qf2 52. Kb4 Qe2
53. Rd6 Rc8 54. c6 bxc6 55. Rd7+ Ka8 56. Kc5 Qa6 57. Qc4 Qa5+ 58. Kd6 Qd2+ 59.
Ke7 Qg5+ 60. Kxf7 1-0

[Event "35. Abierto Ciudad de Sevilla 2010"]
[Site "Sevilla ESP"]
[Date "2010.01.13"]
[Round "6.41"]
[White "Durao, Joaquim"]
[Black "Gutierrez Marin, Vicente"]
[Result "1-0"]
[WhiteElo "2043"]
[BlackElo "1802"]
[PlyCount "55"]
[EventDate "2010.01.08"]
[EventType "swiss"]
[EventRounds "9"]
[EventCountry "ESP"]
[Source "lmi"]
[SourceDate "2010.01.08"]

1. e4 c5 2. Nf3 d6 3. d4 cxd4 4. Nxd4 Nf6 5. Nc3 a6 6. f4 Nc6 7. Be3 e6 8. Qf3
Qc7 9. Bd3 Nb4 10. O-O Nxd3 11. cxd3 b5 12. Rac1 Qd7 13. f5 Bb7 14. fxe6 fxe6
15. Qh3 Bc8 16. a4 bxa4 17. Nxa4 e5 18. Nf5 Qb7 19. Nb6 Bxf5 20. Qxf5 Rd8 21.
Qe6+ Be7 22. Rxf6 gxf6 23. Nd5 Rb8 24. Nxf6+ Kd8 25. Kh1 Bxf6 26. Qxf6+ Kd7 27.
Qf7+ Kd8 28. Bg5+ 1-0

[Event "35. Abierto Ciudad de Sevilla 2010"]
[Site "Sevilla ESP"]
[Date "2010.01.14"]
[Round "7.2"]
[White "Hamdouchi, Hicham"]
[Black "Rizouk, Aimen"]
[Result "1-0"]
[WhiteElo "2601"]
[BlackElo "2532"]
[PlyCount "63"]
[EventDate "2010.01.08"]
[EventType "swiss"]
[EventRounds "9"]
[EventCountry "ESP"]
[Source "lmi"]
[SourceDate "2010.01.08"]

1. e4 e5 2. Nf3 Nc6 3. Bb5 Nd4 4. Nxd4 exd4 5. Bc4 Nf6 6. O-O c6 7. d3 d6 8. c3
dxc3 9. Nxc3 Be7 10. Qf3 O-O 11. d4 Qb6 12. Qd3 d5 13. exd5 Rd8 14. dxc6 Rxd4
15. Na4 Qd8 16. Qb3 b5 17. Qxb5 Bd6 18. Be3 Bxh2+ 19. Kh1 Rh4 20. Rfd1 Bc7+ 21.
Kg1 Qe7 22. Bc5 Bh2+ 23. Kf1 Qc7 24. Nb6 axb6 25. Bxb6 Ba6 26. Qxa6 Qxc6 27.
Bb5 Rxa6 28. Rd8+ Qe8 29. Bxe8 Bc7 30. Bxc7 Rh1+ 31. Ke2 Re6+ 32. Kf3 1-0

[Event "35. Abierto Ciudad de Sevilla 2010"]
[Site "Sevilla ESP"]
[Date "2010.01.14"]
[Round "7.4"]
[White "Matamoros Franco, Carlos"]
[Black "Campora Sivori, Daniel"]
[Result "1/2-1/2"]
[WhiteElo "2545"]
[BlackElo "2483"]
[PlyCount "25"]
[EventDate "2010.01.08"]
[EventType "swiss"]
[EventRounds "9"]
[EventCountry "ESP"]
[Source "lmi"]
[SourceDate "2010.01.08"]

1. Nf3 Nf6 2. c4 c6 3. g3 d5 4. b3 Bf5 5. Bg2 e6 6. O-O h6 7. Bb2 Be7 8. d3
Nbd7 9. Nbd2 O-O 10. a3 a5 11. Qc2 Bh7 12. Bc3 Re8 13. Qb2 1/2-1/2

[Event "35. Abierto Ciudad de Sevilla 2010"]
[Site "Sevilla ESP"]
[Date "2010.01.14"]
[Round "7.5"]
[White "Lemos, Damian"]
[Black "Pogorelov, Ruslan"]
[Result "1-0"]
[WhiteElo "2544"]
[BlackElo "2474"]
[PlyCount "60"]
[EventDate "2010.01.08"]
[EventType "swiss"]
[EventRounds "9"]
[EventCountry "ESP"]
[Source "lmi"]
[SourceDate "2010.01.08"]

1. d4 Nf6 2. c4 e6 3. Nc3 Bb4 4. Qc2 O-O 5. a3 Bxc3+ 6. Qxc3 b6 7. Bg5 Bb7 8.
e3 d6 9. Ne2 Nbd7 10. Qd3 Re8 11. Nc3 Qe7 12. Rd1 h6 13. Bh4 Nf8 14. d5 Ng6 15.
Bg3 a5 16. Qc2 a4 17. Bd3 exd5 18. cxd5 Ra5 19. Bb5 Rea8 20. O-O h5 21. h3 h4
22. Bh2 Ne4 23. Nxe4 Rxb5 24. Nc3 Rc5 25. e4 Ba6 26. Rfe1 Bb5 27. f4 Bd7 28.
Qf2 Rca5 29. e5 dxe5 30. f5 Nf8 1-0

[Event "35. Abierto Ciudad de Sevilla 2010"]
[Site "Sevilla ESP"]
[Date "2010.01.14"]
[Round "7.6"]
[White "Mirzoev, Azer"]
[Black "Diogo, Vasco"]
[Result "1-0"]
[WhiteElo "2594"]
[BlackElo "2303"]
[PlyCount "106"]
[EventDate "2010.01.08"]
[EventType "swiss"]
[EventRounds "9"]
[EventCountry "ESP"]
[Source "lmi"]
[SourceDate "2010.01.08"]

1. d4 d5 2. c4 c6 3. Nf3 Nf6 4. Qc2 g6 5. e3 Bf5 6. Qb3 Qb6 7. Nc3 dxc4 8. Bxc4
Qxb3 9. Bxb3 Bg7 10. Ng5 O-O 11. e4 Bc8 12. e5 Ne8 13. h4 h6 14. Nge4 Nc7 15.
h5 g5 16. Nxg5 hxg5 17. h6 Bf6 18. exf6 exf6 19. f4 Re8+ 20. Kf2 g4 21. h7+ Kg7
22. Bxf7 Rh8 23. Bg8 Be6 24. f5 Bxg8 25. hxg8=Q+ Rxg8 26. Bh6+ Kf7 27. Bf4 Nba6
28. Rh7+ Rg7 29. Rxg7+ Kxg7 30. Re1 Kf7 31. Rh1 Kg7 32. Rh4 Rd8 33. Rxg4+ Kf7
34. Ne4 Ne8 35. Rh4 Kg8 36. Rg4+ Kf7 37. Bd2 c5 38. Nc3 Rxd4 39. Rxd4 cxd4 40.
Nb5 Nc5 41. Kf3 Nd3 42. b3 Ne5+ 43. Ke4 d3 44. Bf4 a6 45. Bxe5 axb5 46. Bc3
Nd6+ 47. Kf4 Ke7 48. g4 Kf7 49. Kf3 Ne8 50. Ke3 Ke7 51. Bd2 Kd6 52. Ke4 Kc5 53.
a3 Kd6 1-0

[Event "35. Abierto Ciudad de Sevilla 2010"]
[Site "Sevilla ESP"]
[Date "2010.01.14"]
[Round "7.7"]
[White "Razmyslov, Alexander"]
[Black "Spraggett, Kevin"]
[Result "1/2-1/2"]
[WhiteElo "2431"]
[BlackElo "2586"]
[PlyCount "88"]
[EventDate "2010.01.08"]
[EventType "swiss"]
[EventRounds "9"]
[EventCountry "ESP"]
[Source "lmi"]
[SourceDate "2010.01.08"]

1. d4 Nf6 2. c4 e6 3. Nf3 c5 4. d5 exd5 5. cxd5 d6 6. Nc3 g6 7. e4 Bg7 8. h3
O-O 9. Bd3 a6 10. a4 Nh5 11. g4 Nf6 12. Bf4 Qe7 13. Kf1 Nbd7 14. Qd2 h5 15. Bg5
Ne5 16. Nxe5 Qxe5 17. f3 Nh7 18. Be3 Bd7 19. Kg2 Rab8 20. a5 Rfe8 21. Ra3 Qe7
22. Rb3 Be5 23. Nd1 hxg4 24. hxg4 g5 25. Rxh7 Kxh7 26. Bxg5 f6 27. Bh4 Ba4 28.
Rb6 Bxd1 29. Qxd1 Kg7 30. Qe1 Bf4 31. e5 Qxe5 32. Qxe5 Bxe5 33. Bf5 Kf7 34. g5
fxg5 35. Bxg5 Kg7 36. f4 Rf8 37. fxe5 Rxf5 38. Bf6+ Kh7 39. Rxd6 Rg8+ 40. Kh3
Rf3+ 41. Kh4 Rf4+ 42. Kh5 Rf5+ 43. Kh4 Rf4+ 44. Kh5 Rf5+ 1/2-1/2

[Event "35. Abierto Ciudad de Sevilla 2010"]
[Site "Sevilla ESP"]
[Date "2010.01.14"]
[Round "7.9"]
[White "Korneev, Oleg"]
[Black "Blanco, Cristobal J"]
[Result "1/2-1/2"]
[WhiteElo "2573"]
[BlackElo "2379"]
[PlyCount "57"]
[EventDate "2010.01.08"]
[EventType "swiss"]
[EventRounds "9"]
[EventCountry "ESP"]
[Source "lmi"]
[SourceDate "2010.01.08"]

1. e4 c5 2. c3 d5 3. exd5 Qxd5 4. d4 g6 5. Nf3 Nh6 6. Qb3 Qe4+ 7. Be3 Be6 8.
Nbd2 Qxe3+ 9. fxe3 Bxb3 10. Bb5+ Kd8 11. axb3 e6 12. Ne4 cxd4 13. exd4 Be7 14.
O-O Kc7 15. Nfg5 f5 16. Nxe6+ Kb6 17. Nd2 Kxb5 18. Nc7+ Kc6 19. Nxa8 Na6 20.
Rfe1 Bd6 21. Nc4 Rxa8 22. Re6 Rd8 23. b4 Nc7 24. Rxd6+ Rxd6 25. Nxd6 Kxd6 26.
Rxa7 b5 27. Rb7 Ng4 28. Rb8 Nf6 29. b3 1/2-1/2

[Event "35. Abierto Ciudad de Sevilla 2010"]
[Site "Sevilla ESP"]
[Date "2010.01.14"]
[Round "7.10"]
[White "Fernandez-Martos Machado, Eduar"]
[Black "Bhat Vinay, S."]
[Result "0-1"]
[WhiteElo "2263"]
[BlackElo "2540"]
[PlyCount "38"]
[EventDate "2010.01.08"]
[EventType "swiss"]
[EventRounds "9"]
[EventCountry "ESP"]
[Source "lmi"]
[SourceDate "2010.01.08"]

1. e4 e5 2. Nc3 Nf6 3. g3 Nc6 4. Bg2 Bc5 5. Nge2 a6 6. O-O h5 7. d3 h4 8. Be3
Bxe3 9. fxe3 d6 10. Nd5 Nxd5 11. exd5 Ne7 12. Qe1 Nf5 13. Qf2 Qg5 14. e4 hxg3
15. Nxg3 Nh6 16. h3 f6 17. Rae1 Nf7 18. Kh2 Bxh3 19. Bxh3 Qg4 0-1

[Event "35. Abierto Ciudad de Sevilla 2010"]
[Site "Sevilla ESP"]
[Date "2010.01.14"]
[Round "7.12"]
[White "Ivanov, Jordan"]
[Black "Starostits, Ilmars"]
[Result "1/2-1/2"]
[WhiteElo "2409"]
[BlackElo "2471"]
[PlyCount "96"]
[EventDate "2010.01.08"]
[EventType "swiss"]
[EventRounds "9"]
[EventCountry "ESP"]
[Source "lmi"]
[SourceDate "2010.01.08"]

1. d4 d5 2. c4 dxc4 3. Nf3 c6 4. e3 Be6 5. Nbd2 Nf6 6. Bxc4 Bxc4 7. Nxc4 Nbd7
8. O-O g6 9. Re1 Bg7 10. e4 Nb6 11. b3 O-O 12. Bf4 Nh5 13. Be3 Nxc4 14. bxc4 c5
15. Rb1 cxd4 16. Nxd4 Qa5 17. Qe2 Rfd8 18. Nb3 Qe5 19. g3 Qxe4 20. Nc5 Qc6 21.
Nxb7 Rd7 22. Na5 Qa4 23. Nb3 Rc7 24. Rec1 e5 25. c5 Rd8 26. Rc2 Bf8 27. Qc4
Qxc4 28. Rxc4 f5 29. f3 Rd3 30. Kf2 Ng7 31. Ke2 Rd5 32. Rd1 Rxd1 33. Kxd1 Ne6
34. Ke2 Kf7 35. c6 Bd6 36. Ra4 Rxc6 37. Rxa7+ Kf6 38. Kd3 h5 39. Na5 Rc8 40.
Ra6 Ke7 41. Nc4 e4+ 42. fxe4 fxe4+ 43. Kc3 Be5+ 44. Kb4 Nd4 45. Rxg6 Nc2+ 46.
Kb3 Nd4+ 47. Kb4 Nc2+ 48. Kb3 Nd4+ 1/2-1/2

[Event "35. Abierto Ciudad de Sevilla 2010"]
[Site "Sevilla ESP"]
[Date "2010.01.14"]
[Round "7.14"]
[White "Berbatov, Kiprian"]
[Black "Muñoz Martin, Pablo"]
[Result "1-0"]
[WhiteElo "2455"]
[BlackElo "2255"]
[PlyCount "69"]
[EventDate "2010.01.08"]
[EventType "swiss"]
[EventRounds "9"]
[EventCountry "ESP"]
[Source "lmi"]
[SourceDate "2010.01.08"]

1. e4 c5 2. Nf3 Nc6 3. d4 cxd4 4. Nxd4 Nf6 5. Nc3 e5 6. Ndb5 d6 7. Bg5 a6 8.
Na3 b5 9. Bxf6 gxf6 10. Nd5 Bg7 11. c3 f5 12. Bd3 Ne7 13. Nxe7 Qxe7 14. O-O d5
15. exf5 e4 16. Be2 b4 17. Nc2 bxc3 18. bxc3 Bxc3 19. Ne3 Bxa1 20. Qxa1 O-O 21.
Nxd5 Qg5 22. Nf6+ Kh8 23. Nd7+ Qg7 24. Nxf8 Bxf5 25. g4 f6 26. Kh1 Bc8 27. g5
Bh3 28. Ne6 Bxe6 29. gxf6 Qf8 30. Rg1 Bf7 31. Rg7 Rc8 32. Qe5 Re8 33. Qf5 Bg6
34. Rxg6 hxg6 35. Qh3+ 1-0

[Event "35. Abierto Ciudad de Sevilla 2010"]
[Site "Sevilla ESP"]
[Date "2010.01.14"]
[Round "7.15"]
[White "Komljenovic, Davorin"]
[Black "Coimbra, Margarida"]
[Result "1-0"]
[WhiteElo "2431"]
[BlackElo "2109"]
[PlyCount "69"]
[EventDate "2010.01.08"]
[EventType "swiss"]
[EventRounds "9"]
[EventCountry "ESP"]
[Source "lmi"]
[SourceDate "2010.01.08"]

1. d4 d5 2. c4 c6 3. Nf3 Nf6 4. Nc3 g6 5. Bg5 h6 6. Bh4 dxc4 7. e4 g5 8. Bg3 b5
9. Be2 Bb7 10. O-O Nbd7 11. Qc2 Nh5 12. Rad1 Nxg3 13. fxg3 Bg7 14. e5 O-O 15.
Ne4 c5 16. Nxc5 Nxc5 17. dxc5 Qc7 18. b4 Bxe5 19. Nxe5 Qxe5 20. Bh5 Bd5 21.
Bxf7+ Rxf7 22. Rxf7 Kxf7 23. Qh7+ Ke8 24. Rf1 Qd4+ 25. Kh1 Bxg2+ 26. Kxg2 Qd5+
27. Kh3 g4+ 28. Kxg4 Qg5+ 29. Kh3 Qh5+ 30. Kg2 Qd5+ 31. Rf3 e5 32. g4 Rd8 33.
c6 Qd2+ 34. Kh3 Rd3 35. Qg8+ 1-0

[Event "35. Abierto Ciudad de Sevilla 2010"]
[Site "Sevilla ESP"]
[Date "2010.01.14"]
[Round "7.17"]
[White "Barrero Garcia, Carlos"]
[Black "Weber, Francois"]
[Result "1/2-1/2"]
[WhiteElo "2421"]
[BlackElo "2149"]
[PlyCount "21"]
[EventDate "2010.01.08"]
[EventType "swiss"]
[EventRounds "9"]
[EventCountry "ESP"]
[Source "lmi"]
[SourceDate "2010.01.08"]

1. e4 e5 2. Nf3 Nc6 3. Bc4 Bc5 4. c3 Nf6 5. d4 exd4 6. cxd4 Bb4+ 7. Nc3 Nxe4 8.
O-O Bxc3 9. d5 Ne5 10. Qe2 O-O 11. bxc3 1/2-1/2

[Event "35. Abierto Ciudad de Sevilla 2010"]
[Site "Sevilla ESP"]
[Date "2010.01.14"]
[Round "7.19"]
[White "Lanzani, Mario"]
[Black "Pereira Figueroa, Manuel"]
[Result "1-0"]
[WhiteElo "2369"]
[BlackElo "2143"]
[PlyCount "59"]
[EventDate "2010.01.08"]
[EventType "swiss"]
[EventRounds "9"]
[EventCountry "ESP"]
[Source "lmi"]
[SourceDate "2010.01.08"]

1. c4 e6 2. g3 d5 3. Nf3 c5 4. Bg2 Nc6 5. O-O Nf6 6. d4 Be7 7. dxc5 Bxc5 8. a3
a6 9. b4 Be7 10. Bb2 O-O 11. Qb3 dxc4 12. Qxc4 Bd7 13. Rd1 Rc8 14. Qb3 Qc7 15.
Nbd2 Rfd8 16. Rac1 Be8 17. Ne5 Qb8 18. Nxc6 bxc6 19. Bxf6 Bxf6 20. Ne4 Rxd1+
21. Qxd1 Be7 22. e3 Qb6 23. Qd4 Qb8 24. Nc5 Qb6 25. Nxe6 Qxd4 26. Nxd4 c5 27.
Nb3 c4 28. Nc5 Bxc5 29. Rxc4 Rd8 30. Rxc5 1-0

[Event "35. Abierto Ciudad de Sevilla 2010"]
[Site "Sevilla ESP"]
[Date "2010.01.14"]
[Round "7.20"]
[White "Hamdouchi, Adina-Maria"]
[Black "Morales Araujo, Francisco"]
[Result "1-0"]
[WhiteElo "2295"]
[BlackElo "2138"]
[PlyCount "75"]
[EventDate "2010.01.08"]
[EventType "swiss"]
[EventRounds "9"]
[EventCountry "ESP"]
[Source "lmi"]
[SourceDate "2010.01.08"]

1. Nf3 f5 2. d3 d5 3. c4 d4 4. b4 c5 5. bxc5 Nc6 6. e3 e5 7. exd4 exd4 8. Nbd2
Bxc5 9. Nb3 Bb4+ 10. Bd2 Be7 11. g3 Bf6 12. Bg2 Nge7 13. O-O O-O 14. Re1 Ng6
15. Rb1 Qd6 16. c5 Qc7 17. Bg5 Qd8 18. Qc1 f4 19. Bxf4 Nxf4 20. Qxf4 g5 21. Qe4
Bg7 22. Nfd2 Nb4 23. Nc1 Qf6 24. Qe2 Bg4 25. f3 Nc2 26. Ne4 Qe5 27. Qxc2 Bxf3
28. Nb3 g4 29. Nf2 Qh5 30. Bxf3 Rxf3 31. Nxd4 Rf6 32. Ne6 Rh6 33. Rxb7 Qxh2+
34. Kf1 Rxe6 35. Rxg7+ Kxg7 36. Rxe6 Rf8 37. Qb2+ Kg8 38. Rf6 1-0

[Event "35. Abierto Ciudad de Sevilla 2010"]
[Site "Sevilla ESP"]
[Date "2010.01.15"]
[Round "8.1"]
[White "Vazquez Igarza, Renier"]
[Black "Hamdouchi, Hicham"]
[Result "1/2-1/2"]
[WhiteElo "2560"]
[BlackElo "2601"]
[PlyCount "22"]
[EventDate "2010.01.08"]
[EventType "swiss"]
[EventRounds "9"]
[EventCountry "ESP"]
[Source "lmi"]
[SourceDate "2010.01.08"]

1. d4 Nf6 2. c4 c5 3. d5 e6 4. Nc3 exd5 5. cxd5 d6 6. e4 g6 7. f4 Bg7 8. Bb5+
Nbd7 9. e5 dxe5 10. fxe5 Nh5 11. e6 Qh4+ 1/2-1/2